000 00565nam a2200205 a 4500
005 20250604063758.0
008 181011s2015 mx r 000 0 spa d
020 _a9786075062297
035 _aUPN01000227161
049 _aCG
050 4 _aPQ7298.43 U7.6
_bA2.7
100 1 _aTurner Saad, Gabriela,
_d1962-
_942278
245 1 0 _aAbre la puerta /
_cGabriela Turner Saad.
260 _aMéxico :
_bUAC :
_c2015.
300 _a83 p.
440 0 _aCelosía.
_pEscritores del noroeste
650 4 _aPoesía mexicana
_91273
905 _aLibro
999 _c199257
_d199257